[Event "Madrid-chT 2425"]
[Site "Madrid"]
[Date "2024.11.23"]
[Round "1.2"]
[White "Ruperez Benito, Antonio"]
[Black "Pinto, Daniel"]
[Result "0-1"]
[WhiteElo "2333"]
[BlackElo "2321"]
[PlyCount "208"]
[GameId "2115411931885002"]
[EventDate "2024.11.24"]
[EventType "team-tourn"]
[EventRounds "14"]
[EventCountry "ESP"]
[SourceVersionDate "2011.03.15"]
[WhiteTeam "Villalba 64"]
[BlackTeam "Blanco y Negro"]
[WhiteTeamCountry "ESP"]
[BlackTeamCountry "ESP"]

1. e4 e5 2. Nf3 Nc6 3. Bc4 Bc5 4. d3 Nf6 5. O-O d6 6. c3 a5 7. Nbd2 O-O 8. Re1 h6 9. Nf1 Be6 10. Bb5 Ba7 11. h3 Ne7 12. d4 c6 13. Bd3 Ng6 14. Ng3 Re8 15. Be3 b5 16. Qd2 Kh7 17. Nf5 Ng8 18. d5 cxd5 19. exd5 Bxf5 20. Bxf5 N8e7 21. Bd3 Qd7 22. Qe2 Bxe3 23. fxe3 Rab8 24. h4 f5 25. h5 Nf8 26. Nh4 Kg8 27. e4 f4 28. b4 Rec8 29. Rac1 Nh7 30. Nf3 Nf6 31. Nh2 axb4 32. cxb4 Qa7+ 33. Kh1 Qa3 34. Rb1 Rc3 35. Red1 Kf8 36. Nf1 Nxh5 37. Qxh5 Rxd3 38. Qg4 Rxd1 39. Rxd1 Rc8 40. Qe6 Qxb4 41. Nd2 Qa4 42. Rf1 Rc2 43. Nf3 Qxe4 44. Qxd6 Qxd5 45. Qb8+ Rc8 46. Qxe5 Qxe5 47. Nxe5 g5 48. Rb1 Rc2 49. Rxb5 Rxa2 50. Rb8+ Kg7 51. Rb7 Kf8 52. Rb8+ Kg7 53. Rb7 Re2 54. Rxe7+ Kf6 55. Rf7+ Ke6 56. Rh7 Rxe5 57. Rxh6+ Kf5 58. Rh8 Re1+ 59. Kh2 Kg4 60. Ra8 Re2 61. Ra3 Kh4 62. Rh3+ Kg4 63. Ra3 Kf5 64. Ra5+ Kg6 65. Ra6+ Kh5 66. Rf6 Kg4 67. Rf7 Rf2 68. Ra7 Rd2 69. Ra3 Re2 70. Rb3 Re3 71. Rb8 Re7 72. Rb3 Kf5 73. Rb5+ Re5 74. Rb8 g4 75. Kg1 Ra5 76. Rf8+ Kg5 77. Kf1 Ra1+ 78. Ke2 Ra2+ 79. Kf1 Rb2 80. Rf7 Rc2 81. Rf8 Rd2 82. Rf7 Rc2 83. Rf8 Rb2 84. Rf7 Kh4 85. Rxf4 Kg3 86. Ra4 Rb1+ 87. Ke2 Rb2+ 88. Kf1 Rb1+ 89. Ke2 Rg1 90. Rb4 Rxg2+ 91. Kf1 Ra2 92. Rc4 Kh3 93. Rc1 Kh2 94. Rc8 Ra1+ 95. Ke2 g3 96. Rh8+ Kg1 97. Rg8 g2 98. Re8 Ra2+ 99. Ke1 Ra1+ 100. Ke2 Ra2+ 101. Ke1 Ra4 102. Ke2 Ra5 103. Re7 Rh5 104. Rg7 Kh1 0-1

[Event "Madrid-chT 2425"]
[Site "Madrid"]
[Date "2024.11.23"]
[Round "1.4"]
[White "Perez Bolanos, Joel"]
[Black "Alarcia Astiz, Carlos"]
[Result "1/2-1/2"]
[WhiteElo "2062"]
[BlackElo "2244"]
[PlyCount "98"]
[GameId "2115420049924395"]
[EventDate "2024.11.24"]
[EventType "team-tourn"]
[EventRounds "14"]
[EventCountry "ESP"]
[SourceVersionDate "2011.03.15"]
[WhiteTeam "Villalba 64"]
[BlackTeam "Blanco y Negro"]
[WhiteTeamCountry "ESP"]
[BlackTeamCountry "ESP"]

1. e4 c6 2. Nf3 d5 3. d3 Bg4 4. h3 Bxf3 5. Qxf3 e6 6. Be2 Nf6 7. O-O Bd6 8. Nc3 Nbd7 9. Bd2 Ne5 10. Qg3 Nc4 11. Bf4 Bxf4 12. Qxf4 Nb6 13. Qg3 d4 14. Nb1 O-O 15. Nd2 Qe7 16. e5 Nfd7 17. Ne4 Nd5 18. Rae1 Rad8 19. a3 Nc5 20. Bd1 b5 21. Nd2 Na4 22. b4 a5 23. bxa5 Qxa3 24. Re4 Nac3 25. Rg4 g6 26. Bf3 Ne7 27. Nb3 Nf5 28. Qf4 c5 29. Kh2 c4 30. dxc4 bxc4 31. Nd2 Qa4 32. Be4 Nxe4 33. Nxe4 Qxc2 34. Nf6+ Kh8 35. Rc1 Qd3 36. Rxc4 h5 37. Rg5 Qxc4 38. Rxf5 Kg7 39. Nxh5+ Kh7 40. Nf6+ Kg7 41. Nh5+ Kh7 42. Rxf7+ Rxf7 43. Qxf7+ Kh6 44. Qg7+ Kxh5 45. g4+ Kg5 46. Qf6+ Kh6 47. Qh4+ Kg7 48. Qe7+ Kh6 49. Qh4+ Kg7 1/2-1/2

[Event "Madrid-chT 2425"]
[Site "Madrid"]
[Date "2024.11.23"]
[Round "1.5"]
[White "Renteria Becerra, Jorge Elicer"]
[Black "Gutierrez Diaz, Pablo"]
[Result "0-1"]
[WhiteElo "2199"]
[BlackElo "1978"]
[PlyCount "70"]
[GameId "2115444394373810"]
[EventDate "2024.11.24"]
[EventType "team-tourn"]
[EventRounds "14"]
[EventCountry "ESP"]
[SourceVersionDate "2011.03.15"]
[WhiteTeam "Blanco y Negro"]
[BlackTeam "Villalba 64"]
[WhiteTeamCountry "ESP"]
[BlackTeamCountry "ESP"]

1. e4 c5 2. Nf3 Nc6 3. Nc3 g6 4. d4 cxd4 5. Nxd4 Bg7 6. Be3 Nf6 7. Nxc6 dxc6 8. Qxd8+ Kxd8 9. O-O-O+ Ke8 10. f3 Be6 11. a4 Nd7 12. Ne2 Bc4 13. b3 Ba6 14. c4 c5 15. g3 b6 16. Bg2 Rd8 17. Bd2 Bb7 18. Bc3 Bxc3 19. Nxc3 e6 20. Nb5 Ke7 21. Nxa7 Ne5 22. Kc2 f5 23. h3 fxe4 24. fxe4 Rxd1 25. Kxd1 Rd8+ 26. Ke2 Rd3 27. Rb1 Rxg3 28. Kf2 Rxg2+ 29. Kxg2 Bxe4+ 30. Kg3 Bxb1 31. Nc8+ Kd8 32. Nxb6 Nc6 33. a5 Nxa5 34. Kf4 Kc7 35. Na4 Kd6 0-1

[Event "Madrid-chT 2425"]
[Site "Madrid"]
[Date "2024.11.23"]
[Round "1.6"]
[White "Velasco Garcia, Jorge Juan"]
[Black "Armenteros Peral, Javier"]
[Result "0-1"]
[WhiteElo "1945"]
[BlackElo "2037"]
[PlyCount "64"]
[GameId "2115445747770041"]
[EventDate "2024.11.24"]
[EventType "team-tourn"]
[EventRounds "14"]
[EventCountry "ESP"]
[SourceVersionDate "2011.03.15"]
[WhiteTeam "Villalba 64"]
[BlackTeam "Blanco y Negro"]
[WhiteTeamCountry "ESP"]
[BlackTeamCountry "ESP"]

1. d4 d5 2. c4 e6 3. Nc3 Nf6 4. Nf3 Be7 5. g3 O-O 6. Bg2 dxc4 7. O-O Nc6 8. e4 Rb8 9. a4 a6 10. Ne5 Nxe5 11. dxe5 Qxd1 12. Rxd1 Nd7 13. a5 b5 14. f4 Nc5 15. Be3 Bb7 16. Bxc5 Bxc5+ 17. Kf1 Rfd8 18. Ke2 Kf8 19. Bf3 Ke7 20. h3 Rxd1 21. Nxd1 Rd8 22. f5 Bd4 23. f6+ gxf6 24. exf6+ Bxf6 25. Ra3 Be5 26. Bg2 Bd6 27. Ra1 Bxg3 28. Ra3 Bd6 29. Ra1 Bb4 30. Nc3 Rd3 31. Nd1 Rd2+ 32. Ke3 Rxg2 0-1

[Event "Madrid-chT 2425"]
[Site "Madrid"]
[Date "2024.11.24"]
[Round "1.1"]
[White "Pulvett Marin, Daniel Eduardo"]
[Black "Blanco Diez, David"]
[Result "1-0"]
[WhiteElo "2472"]
[BlackElo "2272"]
[PlyCount "61"]
[GameId "2115537010727455"]
[EventDate "2024.11.24"]
[EventType "team-tourn"]
[EventRounds "14"]
[EventCountry "ESP"]
[SourceVersionDate "2011.03.15"]
[WhiteTeam "Collado Villalba"]
[BlackTeam "Jaque Mate"]
[WhiteTeamCountry "ESP"]
[BlackTeamCountry "ESP"]

1. d4 d5 2. c4 e6 3. Nf3 Nf6 4. Nc3 Bb4 5. Qa4+ Nc6 6. e3 O-O 7. Bd2 dxc4 8. Bxc4 a6 9. Qc2 Bd6 10. Be2 e5 11. dxe5 Nxe5 12. O-O-O Qe7 13. Nd4 b5 14. f4 Neg4 15. Bf3 Nxe3 16. Bxe3 Qxe3+ 17. Kb1 Bg4 18. Bxg4 Nxg4 19. Nd5 Qe8 20. Nf5 Qd7 21. h3 Nf6 22. Nh6+ Kh8 23. Nxf6 gxf6 24. Qc3 Kg7 25. Rd5 Qe6 26. Nf5+ Kh8 27. Re1 Be5 28. Qd3 c6 29. Rd6 Bxd6 30. Rxe6 fxe6 31. Nxd6 1-0

[Event "Madrid-chT 2425"]
[Site "Madrid"]
[Date "2024.11.24"]
[Round "1.2"]
[White "Lopez Mijail, Nicolas"]
[Black "Suarez Uriel, Adrian"]
[Result "1/2-1/2"]
[WhiteElo "2271"]
[BlackElo "2400"]
[PlyCount "152"]
[GameId "2115563229950384"]
[EventDate "2024.11.24"]
[EventType "team-tourn"]
[EventRounds "14"]
[EventCountry "ESP"]
[SourceVersionDate "2011.03.15"]
[WhiteTeam "Jaque Mate"]
[BlackTeam "Collado Villalba"]
[WhiteTeamCountry "ESP"]
[BlackTeamCountry "ESP"]

1. e4 c5 2. Nf3 d6 3. Bb5+ Nd7 4. Ba4 Ngf6 5. O-O e6 6. Qe2 Be7 7. c4 O-O 8. Nc3 a6 9. Rd1 Qc7 10. d4 cxd4 11. Nxd4 Ne5 12. Bb3 Bd7 13. f4 Nc6 14. Nxc6 Bxc6 15. Bd2 b5 16. cxb5 axb5 17. a3 Qb7 18. f5 exf5 19. exf5 d5 20. Be3 b4 21. axb4 Bxb4 22. Rac1 Rfe8 23. Qd3 Rxe3 24. Qxe3 Ba5 25. Ne2 Re8 26. Qf3 Bb6+ 27. Nd4 Bd7 28. Kh1 Re4 29. Nc2 Bc6 30. h3 d4 31. Qd3 Rf4 32. Ne1 Rf2 33. Rxc6 Qxc6 34. Rd2 Rxd2 35. Qxd2 Ne4 36. Qc2 Ng3+ 37. Kh2 Nf1+ 38. Kh1 Ng3+ 39. Kh2 Nf1+ 40. Kh1 Qe8 41. Bxf7+ Qxf7 42. Qc8+ Qf8 43. Qc4+ Kh8 44. Qxf1 h6 45. Qf3 Qd6 46. Qa8+ Kh7 47. Qe4 Kh8 48. Nd3 Bc7 49. Kg1 Bd8 50. Ne5 Kg8 51. Ng6 Kf7 52. Nf4 Kf8 53. Kh1 Bf6 54. Ng6+ Kf7 55. Qb7+ Ke8 56. Qe4+ Kf7 57. Nf4 Bg5 58. Nd3 Be3 59. h4 Kf6 60. Qg4 Kf7 61. Qh5+ Kf8 62. Qf3 Qa6 63. Qe2 h5 64. Kh2 Qb5 65. Qf1 Kf7 66. Kh3 Kf6 67. g4 hxg4+ 68. Kxg4 Qd5 69. Qf3 Qxf3+ 70. Kxf3 Kxf5 71. b4 g5 72. hxg5 Bxg5 73. b5 Bd8 74. Ke2 Ke4 75. Nc5+ Kd5 76. Nb3 Kc4 1/2-1/2

[Event "Madrid-chT 2425"]
[Site "Madrid"]
[Date "2024.11.24"]
[Round "1.3"]
[White "Ruiz Buendia, Miguel"]
[Black "Torres Rebolledo, Victor"]
[Result "1-0"]
[WhiteElo "2310"]
[BlackElo "2191"]
[PlyCount "79"]
[GameId "2115569022484922"]
[EventDate "2024.11.24"]
[EventType "team-tourn"]
[EventRounds "14"]
[EventCountry "ESP"]
[SourceVersionDate "2011.03.15"]
[WhiteTeam "Collado Villalba"]
[BlackTeam "Jaque Mate"]
[WhiteTeamCountry "ESP"]
[BlackTeamCountry "ESP"]

1. e4 c6 2. d4 d5 3. Nc3 dxe4 4. Nxe4 Nf6 5. Nxf6+ exf6 6. c3 Bd6 7. Bd3 Na6 8. Qc2 h5 9. Bxa6 bxa6 10. Qe4+ Qe7 11. Qxe7+ Kxe7 12. Ne2 a5 13. Bf4 Ba6 14. Bxd6+ Kxd6 15. Ng3 Rhe8+ 16. Kd2 g6 17. Rhe1 f5 18. h4 a4 19. b3 c5 20. dxc5+ Kxc5 21. Kc2 Rad8 22. Rxe8 Rxe8 23. f3 Bb7 24. Rd1 a5 25. Kd2 Bd5 26. c4 Bc6 27. Ne2 axb3 28. axb3 a4 29. Nc1 axb3 30. Kc3 b2 31. Nd3+ Kb6 32. Rb1 Kc7 33. Rxb2 Rb8 34. Re2 Re8 35. Rxe8 Bxe8 36. Kd4 f6 37. f4 Kd6 38. Nb4 g5 39. g3 gxh4 40. gxh4 1-0

[Event "Madrid-chT 2425"]
[Site "Madrid"]
[Date "2024.11.24"]
[Round "1.4"]
[White "Fernandez Estremera, Fernando"]
[Black "Zhou Li, Lulu"]
[Result "1-0"]
[WhiteElo "2117"]
[BlackElo "2181"]
[PlyCount "47"]
[GameId "2115575240857025"]
[EventDate "2024.11.24"]
[EventType "team-tourn"]
[EventRounds "14"]
[EventCountry "ESP"]
[SourceVersionDate "2011.03.15"]
[WhiteTeam "Jaque Mate"]
[BlackTeam "Collado Villalba"]
[WhiteTeamCountry "ESP"]
[BlackTeamCountry "ESP"]

1. d4 d5 2. Nc3 Nf6 3. Bg5 h6 4. Bxf6 exf6 5. e3 c6 6. Bd3 Bd6 7. Qf3 g6 8. g4 h5 9. gxh5 Rxh5 10. e4 Bb4 11. Nge2 dxe4 12. Bxe4 Rh3 13. Qg2 Bxc3+ 14. Nxc3 Qxd4 15. Bxg6 Bg4 16. O-O fxg6 17. Rae1+ Kf7 18. Re4 Qd6 19. Rxg4 Rh6 20. Ne4 Qc7 21. Rd1 g5 22. Nd6+ Kg6 23. Qe4+ Kh5 24. Rh4+ 1-0

[Event "Madrid-chT 2425"]
[Site "Madrid"]
[Date "2024.11.24"]
[Round "1.5"]
[White "Centeno Mendoza, Julio Stefano"]
[Black "Serrano Ruiz, Miguel"]
[Result "1/2-1/2"]
[WhiteElo "2164"]
[BlackElo "2108"]
[PlyCount "83"]
[GameId "2115577309922778"]
[EventDate "2024.11.24"]
[EventType "team-tourn"]
[EventRounds "14"]
[EventCountry "ESP"]
[SourceVersionDate "2011.03.15"]
[WhiteTeam "Collado Villalba"]
[BlackTeam "Jaque Mate"]
[WhiteTeamCountry "ESP"]
[BlackTeamCountry "ESP"]

1. e4 c5 2. c3 Nf6 3. e5 Nd5 4. Bc4 Nb6 5. Bb3 d5 6. exd6 Qxd6 7. Na3 a6 8. Nf3 Be6 9. d4 c4 10. Bc2 Bd5 11. O-O N8d7 12. Re1 e6 13. Nb1 Qc6 14. Nbd2 Bd6 15. Be4 O-O 16. Qe2 Nf6 17. Bxd5 exd5 18. Nf1 Rfe8 19. Qd1 Ne4 20. Ng5 Nd7 21. f3 Nxg5 22. Bxg5 Nf8 23. Qc2 Ne6 24. Bd2 Nf4 25. Bxf4 Bxf4 26. Qf5 Bh6 27. Kf2 g6 28. Qc2 b5 29. Rxe8+ Rxe8 30. Re1 a5 31. Rxe8+ Qxe8 32. Qe2 Kf8 33. Qxe8+ Kxe8 34. Ne3 Bxe3+ 35. Kxe3 Ke7 36. Kf4 Kf6 37. h4 h6 38. Kg4 Ke6 39. a3 a4 40. Kf4 Kf6 41. Kg4 Ke6 42. Kf4 1/2-1/2

[Event "Madrid-chT 2425"]
[Site "Madrid"]
[Date "2024.11.24"]
[Round "1.6"]
[White "Serrano Ruiz, Lope"]
[Black "Cao Armillas, Jesus"]
[Result "1-0"]
[WhiteElo "1985"]
[BlackElo "2025"]
[PlyCount "147"]
[GameId "2115579966567905"]
[EventDate "2024.11.24"]
[EventType "team-tourn"]
[EventRounds "14"]
[EventCountry "ESP"]
[SourceVersionDate "2011.03.15"]
[WhiteTeam "Jaque Mate"]
[BlackTeam "Collado Villalba"]
[WhiteTeamCountry "ESP"]
[BlackTeamCountry "ESP"]

1. e4 c5 2. b4 cxb4 3. a3 e5 4. Nf3 Nc6 5. Bb2 Nf6 6. Nxe5 Nxe5 7. Bxe5 Nxe4 8. Qe2 Qe7 9. Qxe4 d6 10. Bb5+ Kd8 11. d4 dxe5 12. O-O f5 13. Qe3 e4 14. axb4 Qxb4 15. Nc3 Qd6 16. f3 exf3 17. Qxf3 Be7 18. Nd5 Bf6 19. Nxf6 gxf6 20. c4 Kc7 21. Kh1 Be6 22. c5 Qd5 23. Qf4+ Kc8 24. c6 Qxb5 25. Rab1 Qxc6 26. Rfc1 Rd8 27. Rxc6+ bxc6 28. h3 a5 29. Qh6 Ra7 30. Qxf6 Re8 31. Qe5 Kd7 32. Ra1 a4 33. Ra3 Rg8 34. Re3 Re8 35. Rg3 Re7 36. Qc5 Rc7 37. Qa5 Bd5 38. Qxa4 Ke6 39. Qa8 Kd6 40. Qd8+ Rcd7 41. Qb8+ Rc7 42. Kh2 Be4 43. Rg8 Ke6 44. g4 fxg4 45. hxg4 Bg6 46. Qb3+ Kd6 47. Qg3+ Kd7 48. Kh3 Rb7 49. Kh4 Rb5 50. Ra8 Rb7 51. Qf4 Rf7 52. Qe5 Re7 53. Qh8 Kd6 54. Qf6+ Kd7 55. Ra5 Rf7 56. Qe5 Re7 57. Qg5 Be4 58. Re5 Rxe5 59. dxe5 Bg6 60. Qf6 Rc7 61. Qd6+ Kc8 62. e6 Kb7 63. Kg5 Rc8 64. Kf6 Re8 65. e7 Kb6 66. Ke6 Kb5 67. Kd7 c5 68. Qf6 c4 69. Kd6 Rc8 70. Qb2+ Ka4 71. Qb7 Re8 72. Kc5 Ka3 73. Kxc4 Bf7+ 74. Kc3 1-0

[Event "Madrid-chT 2425"]
[Site "Madrid"]
[Date "2024.11.24"]
[Round "1.1"]
[White "Reyes Larena, Juan"]
[Black "Plazuelo Pascual, Juan"]
[Result "1/2-1/2"]
[WhiteElo "2432"]
[BlackElo "2429"]
[PlyCount "30"]
[GameId "2115585594627755"]
[EventDate "2024.11.24"]
[EventType "team-tourn"]
[EventRounds "14"]
[EventCountry "ESP"]
[SourceVersionDate "2011.03.15"]
[WhiteTeam "San Sebastian de los Reyes"]
[BlackTeam "Alcorcon Diagonal"]
[WhiteTeamCountry "ESP"]
[BlackTeamCountry "ESP"]

1. e4 e6 2. d3 d5 3. Nd2 Nf6 4. Ngf3 Be7 5. c3 O-O 6. Be2 c5 7. O-O Nc6 8. e5 Nd7 9. d4 f6 10. exf6 Bxf6 11. Nb3 c4 12. Nbd2 b5 13. Re1 Bb7 14. Nf1 Qc7 15. Ne3 Be7 1/2-1/2

[Event "Madrid-chT 2425"]
[Site "Madrid"]
[Date "2024.11.24"]
[Round "1.2"]
[White "Horcajuelo Rocamora, Martin"]
[Black "Rottenwohrer Suarez, Juan"]
[Result "0-1"]
[WhiteElo "2405"]
[BlackElo "2336"]
[PlyCount "82"]
[GameId "2115588184966837"]
[EventDate "2024.11.24"]
[EventType "team-tourn"]
[EventRounds "14"]
[EventCountry "ESP"]
[SourceVersionDate "2011.03.15"]
[WhiteTeam "Alcorcon Diagonal"]
[BlackTeam "San Sebastian de los Reyes"]
[WhiteTeamCountry "ESP"]
[BlackTeamCountry "ESP"]

1. d4 Nf6 2. c4 e6 3. Nf3 d5 4. Nc3 Bb4 5. Qa4+ Nc6 6. a3 Bxc3+ 7. bxc3 O-O 8. Bg5 Ne7 9. cxd5 Nexd5 10. Qc2 c5 11. e4 Ne7 12. Bd3 h6 13. Be3 Bd7 14. dxc5 Ba4 15. Qe2 Qc7 16. e5 Nd7 17. O-O Rfd8 18. Rab1 Nd5 19. Bd4 Nf4 20. Qe4 Nxd3 21. Qxd3 Bc6 22. Qe3 Rac8 23. Nd2 Bd5 24. Rb4 Qa5 25. a4 Nb8 26. Ra1 Nc6 27. Rb2 Ne7 28. g4 Qa6 29. h4 Rd7 30. Kh2 Rcd8 31. h5 Bc6 32. Rba2 Nd5 33. Qg3 Qe2 34. Nf1 Qe4 35. Nd2 Qh7 36. Nc4 Nxc3 37. Bxc3 Rd3 38. Qh4 Qe4 39. Ne3 R8d7 40. Be1 Qh1+ 41. Kg3 Qg2+ 0-1

[Event "Madrid-chT 2425"]
[Site "Madrid"]
[Date "2024.11.24"]
[Round "1.3"]
[White "Alfaya Marcelo, Roberto"]
[Black "Toncheva, Nadya"]
[Result "0-1"]
[WhiteElo "2244"]
[BlackElo "2289"]
[PlyCount "112"]
[GameId "2115597929735875"]
[EventDate "2024.11.24"]
[EventType "team-tourn"]
[EventRounds "14"]
[EventCountry "ESP"]
[SourceVersionDate "2011.03.15"]
[WhiteTeam "San Sebastian de los Reyes"]
[BlackTeam "Alcorcon Diagonal"]
[WhiteTeamCountry "ESP"]
[BlackTeamCountry "ESP"]

1. d4 d5 2. c4 c6 3. Nf3 Nf6 4. cxd5 cxd5 5. Nc3 Nc6 6. Bf4 Bf5 7. Qb3 Na5 8. Qa4+ Bd7 9. Qc2 g6 10. e3 Bg7 11. Ne5 O-O 12. Nxd7 Qxd7 13. Bb5 Qe6 14. Be2 Rac8 15. Qd3 Qb6 16. Qb5 Qxb5 17. Bxb5 Nc4 18. Bxc4 Rxc4 19. Kd2 Rfc8 20. Rhc1 Bf8 21. f3 e6 22. Ne2 Bb4+ 23. Kd3 Nd7 24. b3 R4c6 25. Rxc6 Rxc6 26. Rc1 f6 27. Bg3 Kf7 28. e4 Rxc1 29. Nxc1 dxe4+ 30. fxe4 f5 31. exf5 gxf5 32. Kc4 Be7 33. Bc7 Nf6 34. Bb8 a6 35. a4 Nd5 36. g3 Ne3+ 37. Kc3 Ng4 38. h4 Nf6 39. Nd3 b6 40. Kd2 Ke8 41. Be5 Ne4+ 42. Ke3 Kd7 43. g4 Bxh4 44. gxf5 exf5 45. Kf4 Ke6 46. d5+ Kxd5 47. Kxf5 Nd6+ 48. Kg4 Be7 49. Bc3 Ne4 50. Be1 Kd4 51. Nf4 Bd6 52. Kf3 Bxf4 53. Kxf4 Nc5 54. Kf3 Kd5 55. a5 b5 56. b4 Nd3 0-1

[Event "Madrid-chT 2425"]
[Site "Madrid"]
[Date "2024.11.24"]
[Round "1.4"]
[White "Rey Martinez, Jaime"]
[Black "Martinez Fernandez, Raul"]
[Result "1-0"]
[WhiteElo "2266"]
[BlackElo "2201"]
[PlyCount "67"]
[GameId "2115606313064147"]
[EventDate "2024.11.24"]
[EventType "team-tourn"]
[EventRounds "14"]
[EventCountry "ESP"]
[SourceVersionDate "2011.03.15"]
[WhiteTeam "Alcorcon Diagonal"]
[BlackTeam "San Sebastian de los Reyes"]
[WhiteTeamCountry "ESP"]
[BlackTeamCountry "ESP"]

1. e4 e5 2. Nf3 Nc6 3. Bb5 a6 4. Ba4 Nf6 5. O-O Be7 6. Re1 b5 7. Bb3 O-O 8. c3 d5 9. d4 Bg4 10. exd5 e4 11. dxc6 exf3 12. gxf3 Bh5 13. Bf4 Re8 14. Nd2 Qc8 15. Bg3 a5 16. a4 b4 17. Nc4 bxc3 18. bxc3 Qf5 19. Re5 Qxf3 20. Qxf3 Bxf3 21. Rae1 Reb8 22. Rb5 Bd8 23. Ne5 Bh5 24. Nd7 Rxb5 25. axb5 Bf3 26. Nxf6+ Bxf6 27. Bxc7 h5 28. Re3 a4 29. Ba2 Bxc6 30. bxc6 Rc8 31. Be5 Rxc6 32. d5 Rb6 33. Bxf6 Rb2 34. d6 1-0

[Event "Madrid-chT 2425"]
[Site "Madrid"]
[Date "2024.11.24"]
[Round "1.5"]
[White "Reyes Penas, Sebastian"]
[Black "Sanz Wawer, Daniel"]
[Result "0-1"]
[WhiteElo "2193"]
[BlackElo "2254"]
[PlyCount "136"]
[GameId "2115609642096349"]
[EventDate "2024.11.24"]
[EventType "team-tourn"]
[EventRounds "14"]
[EventCountry "ESP"]
[SourceVersionDate "2011.03.15"]
[WhiteTeam "San Sebastian de los Reyes"]
[BlackTeam "Alcorcon Diagonal"]
[WhiteTeamCountry "ESP"]
[BlackTeamCountry "ESP"]

1. e4 c6 2. d4 d5 3. exd5 cxd5 4. Bd3 Nc6 5. c3 Nf6 6. h3 g6 7. Nf3 Bf5 8. O-O Bg7 9. Re1 Bxd3 10. Qxd3 O-O 11. Bf4 Rc8 12. Nbd2 e6 13. a4 Na5 14. Ne5 Ne8 15. Qb5 Nd6 16. Qb4 g5 17. Bh2 Re8 18. Nb3 Nxb3 19. Qxb3 b6 20. a5 bxa5 21. Nd3 Nc4 22. Qa2 Re7 23. b3 Nd6 24. Bxd6 Qxd6 25. Qxa5 Rec7 26. Rec1 h5 27. Nc5 e5 28. Rd1 g4 29. hxg4 hxg4 30. Qa6 Qe7 31. Qe2 Qh4 32. g3 Qh5 33. Ra6 Rc6 34. b4 e4 35. Rda1 Rb6 36. b5 Rd8 37. Qf1 Rdd6 38. Rxb6 axb6 39. Nb3 Rf6 40. Ra8+ Kh7 41. Nc1 Bh6 42. Ne2 e3 43. Nf4 Bxf4 44. gxf4 Rxf4 45. Qd3+ Re4 46. fxe3 Kg7 47. Ra2 Qh3 48. Rh2 Qxe3+ 49. Qxe3 Rxe3 50. Rh5 Rxc3 51. Rxd5 Kg6 52. Rd6+ Kg5 53. Rxb6 f5 54. Rc6 Rb3 55. b6 Kf4 56. Kg2 Rb2+ 57. Kg1 Kf3 58. Rc3+ Ke4 59. Rc5 Rxb6 60. Re5+ Kf4 61. Re1 Kg3 62. Re3+ Kh4 63. d5 f4 64. Rd3 Rd6 65. Kg2 Kg5 66. Kh2 Kf5 67. Rd1 Ke5 68. Rg1 Rh6+ 0-1

[Event "Madrid-chT 2425"]
[Site "Madrid"]
[Date "2024.11.24"]
[Round "1.1"]
[White "Candela Perez, Jose"]
[Black "Albornoz Cabrera, Carlos Daniel"]
[Result "0-1"]
[WhiteElo "2297"]
[BlackElo "2572"]
[PlyCount "150"]
[GameId "2154865535193937"]
[EventDate "2024.11.24"]
[EventType "team-tourn"]
[EventRounds "14"]
[EventCountry "ESP"]
[SourceVersionDate "2011.03.15"]
[WhiteTeam "Alcala de Henares"]
[BlackTeam "Tajamar"]
[WhiteTeamCountry "ESP"]
[BlackTeamCountry "ESP"]

1. e4 c5 2. Nf3 d6 3. Bb5+ Bd7 4. Bxd7+ Nxd7 5. O-O e6 6. c3 Ngf6 7. Re1 Be7 8. d4 O-O 9. Bf4 Qb6 10. Qb3 Qxb3 11. axb3 cxd4 12. Nxd4 Nc5 13. Bg5 h6 14. Bxf6 Bxf6 15. Nd2 a6 16. N4f3 Rfd8 17. Re3 a5 18. g3 Ra6 19. Nd4 e5 20. N4f3 d5 21. exd5 Rxd5 22. Ra3 Nd3 23. Nc4 Be7 24. b4 axb4 25. Rxa6 bxa6 26. Nfxe5 Nxb2 27. Nxb2 bxc3 28. Nbd3 c2 29. Re2 f6 30. Ng6 Rxd3 31. Rxc2 Kf7 32. Rc7 Kxg6 33. Rxe7 h5 34. Ra7 Rd6 35. Kg2 f5 36. h4 Kf6 37. Kf3 g6 38. Kf4 Ke6 39. Ke3 Kd5 40. Kd3 Ke5+ 41. Ke3 Rb6 42. Ra8 Rd6 43. Ra7 Kd5 44. Kd3 Kc5+ 45. Kc3 Kb5 46. Rg7 Rc6+ 47. Kb3 Rf6 48. Kc3 Ka4 49. Kb2 Rb6+ 50. Ka2 Re6 51. Kb2 a5 52. Rg8 Rb6+ 53. Ka2 Kb4 54. Kb2 Re6 55. Rg7 Kc4 56. Kc2 a4 57. Ra7 Kb4 58. Rb7+ Ka3 59. Rg7 Rb6 60. Kc1 Ka2 61. Rg8 a3 62. Rg7 Ka1 63. Rg8 a2 64. Rc8 Rb1+ 65. Kc2 Rb2+ 66. Kc1 Rxf2 67. Rd8 f4 68. gxf4 Rxf4 69. Kc2 Rf2+ 70. Kb3 Rb2+ 71. Ka3 Kb1 72. Rd1+ Kc2 73. Ra1 Rb3+ 74. Ka4 Kb2 75. Rg1 Ra3+ 0-1

[Event "Madrid-chT 2425"]
[Site "Madrid"]
[Date "2024.11.24"]
[Round "1.2"]
[White "Elissalt Cardenas, Hector"]
[Black "Palenciano Escolar, Adrian"]
[Result "1-0"]
[WhiteElo "2335"]
[BlackElo "2124"]
[PlyCount "79"]
[GameId "2115629584052374"]
[EventDate "2024.11.24"]
[EventType "team-tourn"]
[EventRounds "14"]
[EventCountry "ESP"]
[SourceVersionDate "2011.03.15"]
[WhiteTeam "Tajamar"]
[BlackTeam "Alcala de Henares"]
[WhiteTeamCountry "ESP"]
[BlackTeamCountry "ESP"]

{[%evp 0,40,11,27,18,18,26,37,38,33,39,44,23,28,18,26,44,38,74,80,76,62,65,67,59,38,59,51,86,97,69,61,96,57,93,84,85,107,102,75,87,146,145]} 1. d4 Nf6 2. c4 g6 3. Nc3 Bg7 4. e4 d6 5. Be2 O-O 6. h4 c5 7. d5 h5 8. Nh3 b5 9. cxb5 a6 10. a4 axb5 11. Bxb5 Ba6 12. Bd2 Nbd7 13. O-O Ne5 14. Qe2 Bxb5 15. axb5 c4 16. f3 Nfd7 17. Be3 Nd3 18. Nf2 N7e5 19. b6 Nxf2 20. Qxf2 Nd3 21. Qc2 Rb8 22. Ra4 Rxb6 23. Rxc4 Nxb2 24. Rc6 Rxc6 25. dxc6 Nc4 26. Bf2 Na3 27. Qb3 Bxc3 28. Qxc3 Nb5 29. Qb4 Nc7 30. Ra1 Qc8 31. Qb7 Ne6 32. g3 Kg7 33. Qb2+ f6 34. Qb6 Qb8 35. Ra7 Kf7 36. Rb7 Qa8 37. Qb3 Rc8 38. Qd5 Qa3 39. Kg2 Rd8 40. f4 1-0

[Event "Madrid-chT 2425"]
[Site "Madrid"]
[Date "2024.11.24"]
[Round "1.3"]
[White "Gomez Gonzalez, Javier"]
[Black "Mkrtchyan, Levon"]
[Result "0-1"]
[WhiteElo "2112"]
[BlackElo "2262"]
[PlyCount "56"]
[GameId "2115732957495352"]
[EventDate "2024.11.24"]
[EventType "team-tourn"]
[EventRounds "14"]
[EventCountry "ESP"]
[SourceVersionDate "2011.03.15"]
[WhiteTeam "Alcala de Henares"]
[BlackTeam "Tajamar"]
[WhiteTeamCountry "ESP"]
[BlackTeamCountry "ESP"]

1. e4 e6 2. d4 d5 3. Nd2 Nf6 4. e5 Nfd7 5. Bd3 c5 6. c3 Nc6 7. Ne2 cxd4 8. cxd4 f6 9. exf6 Nxf6 10. Nf3 Bd6 11. O-O O-O 12. Bg5 Bd7 13. Bh4 Be8 14. Qb1 h6 15. Bh7+ Kh8 16. Bg6 Qb6 17. Bg3 Bxg3 18. hxg3 Bxg6 19. Qxg6 Rae8 20. Nf4 Nxd4 21. Ne5 Kg8 22. Qd3 Nc6 23. Neg6 Rf7 24. Rae1 Ne4 25. Nxe6 Nb4 26. Qb3 Rxe6 27. Nf4 Rd6 28. Nxd5 Nxd5 0-1